Statistics for Words By Definition

Click here to take the quiz!

General Stats

  • This quiz has been taken 15 times
  • The average score is 13 of 20

Answer Stats

DefinitionWord% Correct
An imaginary line that circles the middle of the earthEquator
93%
The impression/outline of a shoe/foot in sand, snow, or the likeFootprint
93%
The name of a book, movie, or the likeTitle
93%
The yellow part of an eggYolk
93%
Somebody employed to care for sick, injured, or disabled peopleNurse
86%
A round or rounded objectBall
79%
Money charged for some kind of serviceFee
79%
A hexagonal wax structure used by bees to store honeyHoneycomb
79%
To flower or blossomBloom
71%
An award for winning a contest or competitionPrize
71%
A dried plum. It has wrinkled skin and a sweet tastePrune
71%
To join or bring togetherUnite
71%
A gem or valuable stone such as a diamondJewel
57%
To trade something for moneySell
57%
A piece of wood sawed into a flat shapeBoard
50%
A kind of knife with a short blade commonly used to stabDagger
50%
Uncommon; unusualOdd
50%
A distance north or south of the equatorLatitude
43%
To keep something safe, protect, and defendGuard
36%
A container designed to be filled with a substance that can be hardenedMold
21%

Score Distribution

Percentile by Number Answered

Percent of People with Each Score

Your Score History

You have not taken this quiz